Методическое пособие для участников Всероссийской научной конференции молодых исследователей "Шаг в будущее" по секции истории (Запись № 798759)

Подробности
000 -МАРКЕР
контрольное поле 01929nam0a2200349 4500
001 - ИДЕНТИФИКАТОР ЗАПИСИ
контрольное поле RU\NLR\bibl\1050363
005 - ИДЕНТИФИКАТОР ВЕРСИИ
контрольное поле 20250615033833.0
010 ## - МЕЖДУНАРОДНЫЙ СТАНДАРТНЫЙ НОМЕР КНИГИ (ISBN)
Номер (ISBN) 5-900025-39-X
Тираж 500
021 ## - НОМЕР ГОСУДАРСТВЕННОЙ РЕГИСТРАЦИИ
Код страны российская федерация
Номер 2006-88632
Номер Листа государственной регистраци 4489
021 ## - НОМЕР ГОСУДАРСТВЕННОЙ РЕГИСТРАЦИИ
Код страны российская федерация
Номер 2007-37328
Номер Листа государственной регистраци 1991
035 ## - ДРУГИЕ СИСТЕМНЫЕ НОМЕРА
Идентификатор записи (NLR Aleph) 001037684
100 ## - ДАННЫЕ ОБЩЕЙ ОБРАБОТКИ
Данные общей обработки 20070222d2006 |||y0rusy50 ca
101 0# - ЯЗЫК РЕСУРСА
Язык текста, звукозаписи и т.д. русский
102 ## - СТРАНА ПУБЛИКАЦИИ ИЛИ ПРОИЗВОДСТВА
Страна публикации российская федерация
105 ## - ПОЛЕ КОДИРОВАННЫХ ДАННЫХ: ТЕКСТОВЫЕ МАТЕРИАЛЫ, МОНОГРАФИЧЕСКИЕ
Кодированные данные о монографическом текстовом документе y |||||||||
200 1# - ЗАГЛАВИЕ И СВЕДЕНИЯ ОБ ОТВЕТСТВЕННОСТИ
Основное заглавие Методическое пособие для участников Всероссийской научной конференции молодых исследователей "Шаг в будущее" по секции истории
Первые сведения об ответственности Жигальцова Л.В., Хитров Д.А.
Последующие сведения об ответственности отв. ред. - проф. В.И. Моряков
-- Моск. гос. техн. ун-т им. Н.Э. Баумана, Моск. гос. ун-т им. М.В. Ломоносова, Ист. фак.
210 ## - ПУБЛИКАЦИЯ, РАСПРОСТРАНЕНИЕ И ДР.
Место издания, распространения и т.д. Москва
Имя издателя, распространителя и т. д. НТА АПФН
Дата издания, распространения и т.д. 2006
215 ## - ФИЗИЧЕСКАЯ ХАРАКТЕРИСТИКА
Специфическое обозначение материала и объем 45 с.
Размеры 21
225 1# - СЕРИЯ
Основное заглавие серии Профессионал
300 ## - ОБЩИЕ ПРИМЕЧАНИЯ
Текст примечания На 2-й с. обл. авт.: Жигальцова Лариса Владиславовна - к.ист.н., Хитров Дмитрий Алексеевич - к.ист.н.
320 ## - ПРИМЕЧАНИЯ О НАЛИЧИИ В ДОКУМЕНТЕ БИБЛИОГРАФИИ / УКАЗАТЕЛЯ
Текст примечания Библиогр.: с. 43-44 и в подстроч. примеч.
607 ## - ГЕОГРАФИЧЕСКОЕ НАИМЕНОВАНИЕ КАК ПРЕДМЕТ
Географическое наименование Россия
Формальный подзаголовок Методические пособия
Тематический подзаголовок История
-- Научно-исследовательская работа учащихся
Системный номер авторитетной/нормативной записи 2216337
Идентификатор авторитетной/нормативной записи RU\NLR\auth\661331113
686 ## - ИНДЕКСЫ ДРУГИХ КЛАССИФИКАЦИЙ
Индекс Ч426.32-268я8
686 ## - ИНДЕКСЫ ДРУГИХ КЛАССИФИКАЦИЙ
Индекс Ч486.32-268я8
700 #1 - ИМЯ ЛИЦА - ПЕРВИЧНАЯ ОТВЕТСТВЕННОСТЬ
Код отношения Автор
Графика поля Кириллица
Материалы, к которым относится поле rus
Начальный элемент ввода Жигальцова
Часть имени, кроме начального элемента ввода Л. В.
Расширение инициалов личного имени Лариса Владиславовна
Системный номер авторитетной/нормативной записи 180973
Идентификатор авторитетной/нормативной записи RU\NLR\AUTH\770181024
701 #1 - ИМЯ ЛИЦА - АЛЬТЕРНАТИВНАЯ ОТВЕТСТВЕННОСТЬ
Код отношения Автор
Графика поля Кириллица
Материалы, к которым относится поле rus
Начальный элемент ввода Хитров
Часть имени, кроме начального элемента ввода Д. А.
Расширение инициалов личного имени Дмитрий Алексеевич
Системный номер авторитетной/нормативной записи 179543
Идентификатор авторитетной/нормативной записи RU\NLR\AUTH\770179594
801 #0 - ИСТОЧНИК ЗАПИСИ
Страна российская федерация
Организация NLR
Дата составления 20070222
Правила каталогизации RCR
801 #1 - ИСТОЧНИК ЗАПИСИ
Страна российская федерация
Организация NLR
Дата составления 20070222
942 ## - ДОПОЛНИТЕЛЬНЫЕ ЭЛЕМЕНТЫ ЗАПИСИ (АБИС)
Тип экземпляра АБИС Книга
980 ## - КОЛЛЕКЦИЯ
Название коллекции Национальная библиография
Экземпляры
Тип экземпляра Дата поступления Источник поступления Библиотека постоянного хранения Библиотека текущего хранения Место хранения Шифр хранения Штрих-код Статус не для выдачи
Книга 22.02.2007 Обязательный экземпляр РНБ (Московский) РНБ (Московский) Русский книжный фонд: издания с 1957 года, 9этаж 2007-4/4087 2371582  
Книга 22.02.2007 Обязательный экземпляр РНБ (Московский) РНБ (Московский) Русский книжный фонд: издания с 1957 года, 9этаж 2007-4/4087 2371583  
Книга 10.07.2007 Обязательный экземпляр РНБ (Московский) РНБ (Московский) Обменный фонд   2468644  
Книга 10.07.2007 Обязательный экземпляр РНБ (Московский) РНБ (Московский) Обменный фонд   2468645